Thiết kế Web với Macromedia Dreamweaver 4

Nội dung sách giới thiệu thiết lập một Website với Dreamweaver. Làm việc với các tập tin được tạo ra trong các trình soạn thảo trực quan khác. Tìm hiểu HTML, thiết kế tốt một Website, sắp xếp công việc thiết kế của bạn, làm việc với văn...

全面介紹

Đã lưu trong:
書目詳細資料
主要作者: Nguyễn, Trường Sinh
格式: 圖書
語言:Undetermined
出版: Hà Nội Lao động - Xã hội 2002
主題:
標簽: 添加標簽
沒有標簽, 成為第一個標記此記錄!
Thư viện lưu trữ: Trung tâm Học liệu Trường Đại học Cần Thơ
LEADER 01066nam a2200193Ia 4500
001 CTU_232124
008 210402s9999 xx 000 0 und d
082 |a 006.78 
082 |b S312 
100 |a Nguyễn, Trường Sinh 
245 0 |a Thiết kế Web với Macromedia Dreamweaver 4 
245 0 |c Nguyễn Trường Sinh (chủ biên), Lê Minh Hoàng, Hoàng Đức Hải 
260 |a Hà Nội 
260 |b Lao động - Xã hội 
260 |c 2002 
520 |a Nội dung sách giới thiệu thiết lập một Website với Dreamweaver. Làm việc với các tập tin được tạo ra trong các trình soạn thảo trực quan khác. Tìm hiểu HTML, thiết kế tốt một Website, sắp xếp công việc thiết kế của bạn, làm việc với văn bản, đến với bảng HTML... 
650 |a Dreamweaver (tệp máy tính),Dreamweaver (Computer file) 
910 |b dqhieu 
980 |a Trung tâm Học liệu Trường Đại học Cần Thơ